000 00552cas a22001935a 4500
001 L138874
008 070717d19861995xxkar p 0 a0eng u
035 _a(Sirsi) u138874
041 0 _aeng
240 _aEstates Times Office Review
245 0 0 _aOffices
_ban Estates Times Supplement
260 _aLondon
_bEstates Times
_c[1986]-1995
362 0 _a[1986]-17 November 1995
554 _aOne per year
651 4 _aUnited Kingdom
_y
690 _aPROPERTY-COMMERCIAL PROPERTY-OFFICE PROPERTY
785 0 0 _tProperty Week
_x0969-7594
942 _n0
999 _c119051
_d119051